000 00849nas a2200265 4500
001 BR9601355
003 BR-BrBNA
005 20231205094659.0
007 ta
008 230509b bl.|||p| |||| 00| 00por d
040 _aBR-BrBNA
_bpor
_cBiblioteca Nacional de Agricultura
041 _a(Pt)
072 _aF08; F30
100 1 _aGomes, J.A.
100 1 _aNobrega, A.C.
100 1 _aSalgado, J.S.
245 1 _aComportamento da bananeira cv. prata (Grupo AAB, subgrupo Prata)em funcao do cultivo intercalar de leguminosas arbustivas
650 _aBanana Prata
650 _aCultivo Intercalado
650 _aComportamento de Variedade
650 _aEspirito Santo
773 0 _tRevista Brasileira de Fruticultura (Brazil)
_x
_g(1991), v. 18(4) p. 119-123
_wBR9601355
909 _a202311
_bLúcia
_c55
_dLúcia Elande
942 _2AGRIS
_n0
_cANA
999 _c146109
_d146109